Drugie Miejsce w każdych Wyborach do Sejmu - Statystyki

Ogólne statystyki
  • Ten quiz został rozwiązany 19 razy
  • Średni wynik to 9 z 10
Statystyki odpowiedzi
Wybory Komitet Poparcie (%) Posłowie % Poprawnych
2019 Koalicja Obywatelska (PO .N iPL Zieloni) 27,40 % 134
100%
2023 Koalicja Obywatelska (PO .N iPL Zieloni) 30,70 % 157
100%
2001 Platforma Obywatelska 12,68 % 65
100%
2005 Platforma Obywatelska 24,14 % 133
100%
2015 Platforma Obywatelska 24,09 % 138
100%
2007 Prawo i Sprawiedliwość 32,11 % 166
100%
2011 Prawo i Sprawiedliwość 29,89 157
100%
1993 Polskie Stronnictwo Ludowe 15,40 % 132
82%
1991 Sojusz Lewicy Demokratycznej 11,99 % 60
82%
1997 Sojusz Lewicy Demokratycznej 27,13 % 164
82%
Nie znaleziono quizów pasujących do podanych kryteriów
Rozkład punktacji
Procent ludzi z każdym wynikiem
Percentyl według liczby udzielonych odpowiedzi
Twoja historia wyników
Nie rozwiązałeś tego quizu